书目信息 |
| 题名: |
影视动画场景设计
|
|
| 作者: | 韩笑 编著 | |
| 分册: | ||
| 出版信息: | 北京 海洋出版社 2005.07 |
|
| 页数: | 168页 | |
| 开本: | 25cm | |
| 丛书名: | 21世纪动漫游戏专业高等教育规划教材 | |
| 单 册: | ||
| 中图分类: | J954 | |
| 科图分类: | ||
| 主题词: | 动画片--dong hua pian--制作--高等教育--教材 | |
| 电子资源: | ||
| ISBN: | 7-5027-6329-5 | |
| 000 | 01124nam 2200277 450 | |
| 001 | 012009589533 | |
| 005 | 20091016115043.27 | |
| 010 | @a7-5027-6329-5@dCNY49.00 (含光盘) | |
| 010 | @a7-89994-657-3@b光盘 | |
| 100 | @a20091016d2005 em y0chiy0120 ea | |
| 101 | 0 | @achi |
| 102 | @aCN@b110000 | |
| 105 | @aa z 000yy | |
| 106 | @ar | |
| 200 | 1 | @a影视动画场景设计@Aying shi dong hua chang jing she ji@d= Layout design in animated film and video@f编著韩笑@Fbian zhu han xiao@zeng |
| 210 | @a北京@c海洋出版社@d2005.07 | |
| 215 | @a168页@c图@d25cm@e光盘1片 | |
| 225 | 2 | @a21世纪动漫游戏专业高等教育规划教材@A21 shi ji dong man you xi zhuan ye gao deng jiao yu gui hua jiao cai@f主编孙立军 |
| 330 | @a动画场景设计是除角色以外一切对象的造型设计,是塑造角色和影片风格的关键创作环节。 | |
| 410 | 0 | @12001 @a21世纪动漫游戏专业高等教育规划教材@1701 0@a孙立军@Asun li jun@4主编 |
| 510 | 1 | @aLayout design in animated film and video@zeng |
| 606 | 0 | @a动画片@Adong hua pian@x制作@x高等教育@x教材 |
| 690 | @aJ954@v4 | |
| 701 | 0 | @a韩笑@Ahan xiao@4编著 |
| 801 | 0 | @aCN@bQSSK@c20091016 |
| 905 | @b763772-74@dJ954@eH106@f3 | |
| 影视动画场景设计= Layout design in animated film and video/编著韩笑.-北京:海洋出版社,2005.07 |
| 168页:图;25cm+光盘1片.-(21世纪动漫游戏专业高等教育规划教材/主编孙立军) |
| ISBN 7-5027-6329-5:CNY49.00 (含光盘) |
| 动画场景设计是除角色以外一切对象的造型设计,是塑造角色和影片风格的关键创作环节。 |
| ● |
| 相关链接 |
|
|
|
正题名:影视动画场景设计
索取号:J954/H106
 
预约/预借
| 序号 | 登录号 | 条形码 | 馆藏地/架位号 | 状态 | 备注 |
| 1 | 763772 | 207637725 | 社科库309/309社科库 98排3列4层/ [索取号:J954/H106] | 在馆 | |
| 2 | 763773 | 207637734 | 艺术设计学院资料室/ [索取号:J954/H106] | 在馆 | |
| 3 | 763774 | 207637743 | 社科库309/309社科库 98排3列4层/ [索取号:J954/H106] | 在馆 |